000 00485nam a2200205Ia 4500
005 20250325034258.0
008 240331s9999 xx 000 0 und d
082 _bMEE
_a894
100 _aMeera , C
245 0 _aSuyamvaram
260 _aShivagangai
_bAnam Velidu
_c1986
300 _a146 p .,
650 _aKurunaval
650 _aMedai Nasagam
650 _aSirukadhai
650 _aKavithai Nadagam
650 _aKadurai
650 _aMolzhi peyaruppu kavithai
942 _cL
999 _c3991
_d3991